00233nam a22000857a 4500020001800000100001600018245001900034260008600053300000800139 a9781481446747 aKevin Sands aMark Of Plague aUnited States Of AmericabSimion and Schuster childrens publishing Divisionc2016 a529